000 00603nam a2200217Ii 4500
003 JO-AjNU
008 230606s9999||||xx |||||||||||||| ||und||
020 _a978-93-800-9057-3
040 _aJO-AjNU
_beng
_erda
_cJO-AjNU
041 _aeng
050 1 4 _aTH145 2012
100 3 _aMathur, sanjeev,
_eauthor
_95224
245 0 0 _aBuilding Construction Hand book
250 _a1 ed
264 3 1 _aNew Delhi :SBS PUBLISHER,2012
300 _a370p
336 _atext
_btxt
_2rdacontent
337 _aunmediated
_bn
_2rdamedia
338 _avolume
_bnc
_2rdacarrier
650 4 _aBuilding Construction
_95225
999 _aE2700
_c2698
_d2698